000 01182nam a2200325 i 4500
001 000017292
003 DO-SdBNP
005 20240503073630.0
007 ta
008 100322s2005 dr a 001 0 spa d
040 _aDO-SdBNP
_bspa
_cDO-SdBNP
_erda
049 _a
082 4 _a863.3
_bC419i 2005
_222
100 1 _aCervantes Saavedra, Miguel de,
_d1547-1616
_93070
245 1 3 _aEl ingenioso hidalgo Don Quijote de La Mancha /
_cMiguel de Cervantes Saavedra ; grabado Gustavo Doré.
250 _a2a. ed.
264 _aSanto Domingo :
_bCorripio,
_c2005.
300 _a832 páginas :
_bilustraciones;
_c24 cm.
336 _2rdacontent
_atexto
_btxt
337 _2rdamedia
_asin mediación
_bn
338 _2rdacarrier
_avolumen
_bnc
534 _aCervantes Saavedra, Miguel de
_bMadrid, Por Juan de la Cuesta, vendese en casa de Francisco de Robles, librero
_c1605.
_tEl ingenioso hidalgo Don Quijote de la Mancha
590 _aInventariado,2020/VM
650 4 _aNovela española
_91123
650 4 _aLiteratura española
_9632
700 1 _aDoré, Gustavo,
_937950
_egrabado
910 _aVMateo/Validado. Control de calidad MFF
942 _2ddc
_cLBS1
956 _aVMateo
999 _c16817
_d16817